A history of women in the Canadian military

Spremljeno u:
Bibliografski detalji
Glavni autor: Barbara Dundas
Format: Knjiga
Jezik:Undetermined
Izdano: Canada Art Global 2000
Teme:
Oznake: Dodaj oznaku
Bez oznaka, Budi prvi tko označuje ovaj zapis!
Thư viện lưu trữ: Trung tâm Học liệu Trường Đại học Cần Thơ
LEADER 00477nam a2200169Ia 4500
001 CTU_55978
008 210402s9999 xx 000 0 und d
082 |a 355.00820971 
082 |b D914 
100 |a Barbara Dundas 
245 2 |a A history of women in the Canadian military 
245 0 |c Barbara Dundas 
260 |a Canada 
260 |b Art Global 
260 |c 2000 
650 |a Women soldier - Canada - History 
980 |a Trung tâm Học liệu Trường Đại học Cần Thơ